000 00317nam a2200133Ia 4500
008 100328s9999 xx 000 0 und d
082 _b47663
100 _aमुजावर बशीर
245 _aमळभ
260 _bसाहेबजी
630 _aमळभ
730 _aमळभ
942 _cBOOK
999 _c535407
_d535404